[Event "Ambes op 3rd"]
[Site "Ambes"]
[Date "2010.04.30"]
[Round "7"]
[White "Deschamps, Christophe"]
[Black "Quideau, Patrice"]
[Result "0-1"]
[WhiteElo "1380"]
[BlackElo "1780"]
[PlyCount "74"]
[EventDate "2010.04.24"]
[EventType "swiss"]
[EventRounds "9"]
[EventCountry "FRA"]
[SourceTitle "EXT 2011"]
[Source "ChessBase"]
[SourceDate "2010.11.26"]
[SourceVersion "1"]
[SourceVersionDate "2010.11.26"]
[SourceQuality "1"]

1. c4 Nf6 2. Nc3 e6 3. g3 d5 4. cxd5 exd5 5. d4 c6 6. Nf3 Bd6 7. e3 0-0 8. Bd3 Re8 9. 0-0 Bg4 10. Re1 Ne4 11. Bd2 Nxd2 12. Qxd2 Bxf3 13. Rac1 Nd7 14. a3 Nf6 15. Be2 Bxe2 16. Rxe2 Ne4 17. Qd3 Re6 18. f3 Ng5 19. Rf1 Rg6 20. f4 Nh3+ 21. Kh1 Qd7 22. Rg2 f5 23. b4 a6 24. Ne2 Re8 25. Ng1 Nxg1 26. Rgxg1 Re4 27. Rf3 Qe8 28. Qd2 Ree6 29. Re1 Bc7 30. Kg2 Bb6 31. Kf2 Bxd4 32. h3 Bb6 33. g4 fxg4 34. hxg4 Kh8 35. f5 Rh6 36. Rg1 Rh2+ 37. Rg2 Rxg2+ 0-1

[Event "Ambes op 1st"]
[Site "Ambes"]
[Date "2007.04.13"]
[Round "9"]
[White "Teyssier, Jean Paul"]
[Black "Quideau, Patrice"]
[Result "0-1"]
[WhiteElo "1791"]
[BlackElo "1869"]
[PlyCount "102"]
[EventDate "2007.04.07"]
[EventType "swiss"]
[EventRounds "11"]
[EventCountry "FRA"]
[SourceTitle "CBM 117 Extra"]
[Source "ChessBase"]
[SourceDate "2007.05.09"]
[SourceVersion "1"]
[SourceVersionDate "2007.05.09"]
[SourceQuality "1"]

1. e4 d6 2. d4 Nf6 3. f3 Nbd7 4. Be3 e5 5. Bc4 Be7 6. Ne2 c6 7. Nbc3 Qc7 8. h3 b5 9. Bb3 a5 10. a3 Bb7 11. d5 0-0 12. dxc6 Bxc6 13. 0-0 Nb6 14. Bxb6 Qxb6+ 15. Kh1 Rac8 16. Ng3 Rfd8 17. Nf5 Bf8 18. Nd5 Bxd5 19. exd5 g6 20. Ng3 a4 21. Ba2 Qc5 22. c3 Bh6 23. Ne4 Nxe4 24. fxe4 Rf8 25. Qd3 Bf4 26. g3 Bh6 27. Rf3 f6 28. Raf1 Bg7 29. Qc2 Rc7 30. R1f2 Kf7 31. Qe2 Ke7 32. Bb1 Qb6 33. Bd3 Rc5 34. h4 h5 35. Rg2 Rh8 36. g4 g5 37. Rh3 Qb8 38. gxh5 Qc8 39. Qf3 Rxh5 40. Rgh2 g4 41. Qe2 Bh6 42. Rg2 gxh3 43. Qxh5 hxg2+ 44. Kg1 Be3+ 45. Kxg2 Qg8+ 46. Kf3 Bc1 47. Kf2 Bxb2 48. Qe2 Bxc3 49. Bxb5 Bd4+ 50. Kf3 Rc3+ 51. Bd3 Qg6 0-1

[Event "Ambes op 1st"]
[Site "Ambes"]
[Date "2007.04.09"]
[Round "3"]
[White "Quideau, Patrice"]
[Black "Favarel, Julien"]
[Result "0-1"]
[WhiteElo "1869"]
[BlackElo "2279"]
[PlyCount "74"]
[EventDate "2007.04.07"]
[EventType "swiss"]
[EventRounds "11"]
[EventCountry "FRA"]
[SourceTitle "CBM 117 Extra"]
[Source "ChessBase"]
[SourceDate "2007.05.09"]
[SourceVersion "1"]
[SourceVersionDate "2007.05.09"]
[SourceQuality "1"]

1. d4 Nf6 2. c4 g6 3. Nc3 Bg7 4. e4 d6 5. Nf3 0-0 6. Be2 e5 7. 0-0 Nc6 8. d5 Ne7 9. Ne1 Nd7 10. f3 f5 11. g4 Kh8 12. Kh1 a5 13. b3 Nc5 14. Rb1 fxg4 15. fxg4 Bxg4 16. Nf3 Ng8 17. Ng5 Bxe2 18. Qxe2 Qe7 19. a3 Bh6 20. Rg1 Bxg5 21. Bxg5 Qf7 22. Rgf1 Qg7 23. b4 axb4 24. axb4 Na6 25. Rfc1 Qd7 26. Qg2 Rf7 27. Rf1 Raf8 28. Rxf7 Qxf7 29. Kg1 h6 30. Bd2 Qf3 31. Qxf3 Rxf3 32. Ne2 Rd3 33. Rb2 Kg7 34. Kf2 Nf6 35. Ng3 Rd4 36. Ke3 Rxc4 37. h3 h5 0-1

[Event "Ambes op 1st"]
[Site "Ambes"]
[Date "2007.04.07"]
[Round "1"]
[White "Quideau, Patrice"]
[Black "Le Hetet, Jacques"]
[Result "1-0"]
[WhiteElo "1869"]
[BlackElo "1550"]
[PlyCount "77"]
[EventDate "2007.04.07"]
[EventType "swiss"]
[EventRounds "11"]
[EventCountry "FRA"]
[SourceTitle "CBM 117 Extra"]
[Source "ChessBase"]
[SourceDate "2007.05.09"]
[SourceVersion "1"]
[SourceVersionDate "2007.05.09"]
[SourceQuality "1"]

1. Nf3 d5 2. d4 Nf6 3. Bf4 e6 4. e3 Be7 5. Bd3 c5 6. c3 0-0 7. 0-0 Nc6 8. Nbd2 cxd4 9. exd4 Bd7 10. Re1 Re8 11. Ne5 Rc8 12. Ndf3 Qb6 13. Qe2 a6 14. Bg5 Qd8 15. Rad1 Na7 16. Qc2 Bb5 17. Bxb5 Nxb5 18. Bc1 Nd6 19. Nd3 Nd7 20. Qe2 Ne4 21. Nfe5 Bd6 22. Qh5 Nxe5 23. Nxe5 Qf6 24. f3 g6 25. Qg4 h5 26. Qf4 Qxf4 27. Bxf4 Nf6 28. Nxg6 fxg6 29. Bxd6 Rc6 30. Bf4 Kf7 31. Re2 Nd7 32. Rde1 Nb6 33. Bc1 Nd7 34. Kf2 Kf6 35. h4 e5 36. dxe5+ Rxe5 37. Bg5+ Ke6 38. Rxe5+ Nxe5 39. f4 1-0